| 000 | 01061nam a2200313Ia 4500 | ||
|---|---|---|---|
| 005 | 20220317001504.0 | ||
| 008 | 161108s2014 s g 000 f s | ||
| 020 | _a9789584241689 | ||
| 100 | 1 |
_aMankel, Henning _d1948-2015 |
|
| 245 | 1 | 0 |
_aHuesos en el Jardín _cHenning Mankell ; traducción del sueco de Carmen Montes Cano |
| 250 | _a1a. edición, 1a reimpresión | ||
| 300 |
_a178 páginas _c22 cm |
||
| 490 | _aAndanzas : Wallander | ||
| 500 | _aIncluye datos biográficos del autor en la solapa | ||
| 534 | _tHanden | ||
| 650 | 1 | 4 |
_2LEMB _aNovela sueca _ySiglo XX |
| 650 | 1 | 4 |
_2LEMB _aLiteratura sueca _ySiglo XX |
| 650 | 1 | 4 |
_2LEMB _aNovela policiaca _ySiglo XX |
| 650 | 1 | 4 |
_2LEMB _aAsesinato en la literatura |
| 650 | 1 | 4 |
_2LEMB _aCrimen en la literatura |
| 700 | 1 |
_aMontes Cano, Carmen _974088 |
|
| 942 |
_2loc _cBKLIT |
||
| 264 |
_aBarcelona _bTusquets _c2014 |
||
| 336 |
_atexto _btxt _2rdacontent |
||
| 337 |
_asin mediación _bn _2rdamedia |
||
| 338 |
_avolumen _bnc _2rdacarrier |
||
| 040 |
_aCO-BoRNBP _bspa _erda _cCO-BoRNBP |
||
| 084 | _aN MAN16 | ||
| 999 |
_c7130 _d7130 |
||